[Event "ECU-ch (Women)"]
[Site "Salinas"]
[Date "2019.03.06"]
[Round "3"]
[White "Guazumba Cantuna, Leslie"]
[Black "Ruiz Tipantasig, Mishell"]
[Result "0-1"]
[WhiteElo "1625"]
[BlackElo "1915"]
[PlyCount "105"]
[EventDate "2019.03.05"]
[EventType "swiss"]
[EventRounds "9"]
[EventCountry "ECU"]
[SourceTitle "EXT 2020"]
[Source "ChessBase"]
[SourceDate "2019.10.17"]
[SourceVersion "1"]
[SourceVersionDate "2019.10.17"]
[SourceQuality "1"]

1. e4 g6 2. d4 Bg7 3. Nf3 c5 4. c3 cxd4 5. cxd4 d5 6. e5 Bg4 7. Nbd2 e6 8. h3 Bxf3 9. Nxf3 Nc6 10. Bd3 Nge7 11. Bg5 h6 12. Bxe7 Qxe7 13. 0-0 0-0 14. a3 Nxd4 15. Nxd4 Bxe5 16. Be2 Qf6 17. Nf3 Bxb2 18. Rb1 b6 19. Qb3 Bc3 20. Nh2 d4 21. Ng4 Qg7 22. Bc4 h5 23. Nh2 Rac8 24. Nf3 Rc5 25. h4 Rfc8 26. Ba6 R8c7 27. Rfd1 Qf6 28. Bd3 Kg7 29. Rbc1 Qf4 30. Rc2 e5 31. Re2 Qf6 32. Ng5 Qc6 33. a4 Qd5 34. Qb1 Qd8 35. Ne4 Qxh4 36. Nxc5 Rxc5 37. Bb5 f5 38. Bd3 Qf6 39. Rc1 h4 40. Kh2 Qe6 41. Kh3 Qf6 42. Rf1 Qg5 43. Qc1 Qg4+ 44. Kh2 e4 45. Qd1 exd3 46. Qxd3 Qf4+ 47. Kg1 Re5 48. Rxe5 Qxe5 49. Rd1 Qe4 50. Qa6 Qe7 51. Qd3 Kh6 52. Rc1 Qe4 53. Qh3 0-1

[Event "ECU-ch (Women)"]
[Site "Salinas"]
[Date "2019.03.05"]
[Round "1"]
[White "Pinos Cevallos, Belen"]
[Black "Ruiz Tipantasig, Mishell"]
[Result "1-0"]
[WhiteElo "1481"]
[BlackElo "1915"]
[PlyCount "43"]
[EventDate "2019.03.05"]
[EventType "swiss"]
[EventRounds "9"]
[EventCountry "ECU"]
[SourceTitle "EXT 2020"]
[Source "ChessBase"]
[SourceDate "2019.10.17"]
[SourceVersion "1"]
[SourceVersionDate "2019.10.17"]
[SourceQuality "1"]

1. e4 g6 2. Nf3 Bg7 3. d4 c5 4. c3 cxd4 5. Nxd4 Nc6 6. Nf3 d6 7. h3 Nf6 8. Bd3 0-0 9. 0-0 b6 10. Bf4 Nd7 11. Bc2 Bb7 12. Nbd2 Rc8 13. Nb3 Nce5 14. Re1 Nxf3+ 15. Qxf3 Ne5 16. Qe2 Nd7 17. Bd3 Nc5 18. Bc2 Qc7 19. Nd2 a6 20. Bb3 Bc6 21. a4 Qb7 22. Nf3 1-0